Eugénisme et restrictions (notice n° 1655717)
[ vue normale ]
| 000 -LEADER | |
|---|---|
| fixed length control field | 00976cam a2200157 4500500 |
| 005 - DATE AND TIME OF LATEST TRANSACTION | |
| control field | 20260208010237.0 |
| 041 ## - LANGUAGE CODE | |
| Language code of text/sound track or separate title | fre |
| 042 ## - AUTHENTICATION CODE | |
| Authentication code | dc |
| 100 10 - MAIN ENTRY--PERSONAL NAME | |
| Personal name | von Bueltzingsloewen, Isabelle |
| Relator term | author |
| 245 00 - TITLE STATEMENT | |
| Title | Eugénisme et restrictions |
| 260 ## - PUBLICATION, DISTRIBUTION, ETC. | |
| Date of publication, distribution, etc. | 2005.<br/> |
| 500 ## - GENERAL NOTE | |
| General note | 73 |
| 520 ## - SUMMARY, ETC. | |
| Summary, etc. | In a context marked by a very acute food shortage, 40.000 insane people died of hunger in French asylums between 1940 and 1945. In which way has the most negative perception of mentally ill which dominates in the French population on the eve of the war contributed to this tragedy ? That is the most delicate question we deal with in this paper, which focuses on the analysis of the attitude of the psychiatrists often accused of having abandoned their patients to their fate. |
| 786 0# - DATA SOURCE ENTRY | |
| Note | Revue d’Histoire de la Shoah | 183 | 2 | 2005-10-19 | p. 389-402 | 2111-885X |
| 856 41 - ELECTRONIC LOCATION AND ACCESS | |
| Uniform Resource Identifier | <a href="https://shs.cairn.info/revue-d-histoire-de-la-shoah-2005-2-page-389?lang=fr&redirect-ssocas=7080">https://shs.cairn.info/revue-d-histoire-de-la-shoah-2005-2-page-389?lang=fr&redirect-ssocas=7080</a> |
Pas d'exemplaire disponible.




Réseaux sociaux